| 000 | 00397pab a2200157 454500 | ||
|---|---|---|---|
| 008 | 180718b2009 xxu||||| |||| 00| 0 eng d | ||
| 100 | _aBardhan, Pranab | ||
| 245 | _aNotes on the political economy of India's tortuous transition | ||
| 260 | _c2009 | ||
| 300 | _ap.31-36. | ||
| 362 | _a5 Dec | ||
| 650 | _aEconomics | ||
| 773 | _aEconomic and Political Weekly | ||
| 908 | _aN | ||
| 909 | _a84802 | ||
| 999 |
_c84802 _d84802 |
||